| 000 | 01402nam0a2200313 4500 | ||
|---|---|---|---|
| 001 | RU\NLR\BIBL_A\022765103 | ||
| 005 | 20260524043620.0 | ||
| 010 |
_a978-5-907977-47-1 _9500 |
||
| 021 |
_aRU _bКН-П-26-006846 _9КН-П-26-0665 |
||
| 035 | _a(NLR Aleph) 022765103 | ||
| 090 |
_a13709421 _c13709421 |
||
| 100 | _a20260325d2025 k y0rusy50 ca | ||
| 101 | 0 | _arus | |
| 102 | _aRU | ||
| 105 | _aa z 000yy | ||
| 181 | 0 |
_ai3 _baxxe |
|
| 182 | 0 | _an | |
| 200 | 1 |
_aПолиплоидия у растений: история и современное состояние вопроса _eмонография _fЛ. В. Цаценко _gМинистерство сельского хозяйства Российской Федерации, ФГБОУ ВО "Кубанский государственный аграрный университет имени И. Т. Трубилина" |
|
| 203 |
_aТекст _bвизуальный _cнепосредственный |
||
| 210 |
_aКраснодар _cКубГАУ _d2025 |
||
| 215 |
_a101 с. _cил. _d20 |
||
| 320 | _aБиблиогр.: с. 92-95 (36 назв.) | ||
| 606 | 1 |
_aРастения _xПолиплоидность _91015130 _3RU\NLR\AUTH\6669387 |
|
| 686 | 1 | _aЕ542.21 | |
| 700 | 1 |
_aЦаценко _bЛ. В. _gЛюдмила Владимировна |
|
| 942 | _cBOOK | ||
| 980 | _aNB | ||